High school dictionary /

Uloženo v:
Podrobná bibliografie
Hlavní autor: Thorndike, E.L.
Další autoři: Barnhart, Clarence L.
Médium: Sách giấy
Jazyk:English
Vydáno: : , 1962
Tagy: Přidat tag
Žádné tagy, Buďte první, kdo otaguje tento záznam!
Thư viện lưu trữ: Thư viện Trường Đại học Đà Lạt
LEADER 00597nam a2200265 4500
001 DLU020016654
005 ##12/7/2000
020 # # |a 978- 
041 # # |a eng 
082 # # |a 423  |b TH-E 
100 # # |a Thorndike, E.L. 
245 # # |a High school dictionary /  |c E.L. Thorndike, Clarence L. Barnhart 
260 # # |a  :  |b ,  |c 1962 
300 # # |a 1096 tr.;   |c 26 cm. 
700 # # |a Barnhart, Clarence L. 
992 # # |a 110 
994 # # |a DLU 
998 # # |a TK 
900 # # |a False 
911 # # |a Administrator 
925 # # |a G 
926 # # |a A 
927 # # |a SH 
980 # # |a Thư viện Trường Đại học Đà Lạt